Magnetism and metallurgy of soft magnetic materials / (Record no. 11896)

MARC details
000 -LEADER
fixed length control field 01202cam a2200313 i 4500
001 - CONTROL NUMBER
control field 4277534
003 - CONTROL NUMBER IDENTIFIER
control field EG-ScBUE
005 - DATE AND TIME OF LATEST TRANSACTION
control field 20250617093834.0
008 - FIXED-LENGTH DATA ELEMENTS--GENERAL INFORMATION
fixed length control field 850516r19861977nyua f b 001 0 eng d
020 ## - INTERNATIONAL STANDARD BOOK NUMBER
International Standard Book Number 0486649970
040 ## - CATALOGING SOURCE
Original cataloging agency DLC
Language of cataloging eng
Description conventions rda
Transcribing agency DLC
Modifying agency DLC
-- EG-ScBUE
082 04 - DEWEY DECIMAL CLASSIFICATION NUMBER
Classification number 538.4
Edition number 22
Item number CHE
100 1# - MAIN ENTRY--PERSONAL NAME
Personal name Chen, Chih-wen,
Relator term author.
9 (RLIN) 6452
245 10 - TITLE STATEMENT
Title Magnetism and metallurgy of soft magnetic materials /
Statement of responsibility, etc by Chih-wen Chen.
264 #1 - PUBLICATION, DISTRIBUTION, ETC. (IMPRINT)
Place of publication, distribution, etc New York :
Name of publisher, distributor, etc Dover Publications,
Date of publication, distribution, etc [1986]
264 #4 - PUBLICATION, DISTRIBUTION, ETC. (IMPRINT)
Date of publication, distribution, etc c1986
300 ## - PHYSICAL DESCRIPTION
Extent xviii, 571 pages :
Other physical details illustrations ;
Dimensions 22 cm
336 ## - CONTENT TYPE
Source rdacontent
Content type term text
Content type code txt
337 ## - MEDIA TYPE
Media type term unmediated
Source rdamedia
Media type code n
338 ## - CARRIER TYPE
Carrier type term volume
Carrier type code nc
Source rdacarrier
500 ## - GENERAL NOTE
General note Reprint. Originally published: Amsterdam ; New York : North-Holland Pub. Co., 1977. (Series of monographs on selected topics in solid-state physics ; 15)
504 ## - BIBLIOGRAPHY, ETC. NOTE
Bibliography, etc Includes bibliographical references and index.
650 #7 - SUBJECT ADDED ENTRY--TOPICAL TERM
Topical term or geographic name as entry element Magnetism.
Source of heading or term BUEsh
9 (RLIN) 6454
650 #7 - SUBJECT ADDED ENTRY--TOPICAL TERM
Topical term or geographic name as entry element Physical metallurgy.
Source of heading or term BUEsh
9 (RLIN) 6455
650 #7 - SUBJECT ADDED ENTRY--TOPICAL TERM
9 (RLIN) 6453
Topical term or geographic name as entry element Magnetic materials.
Source of heading or term BUEsh
655 ## - INDEX TERM--GENRE/FORM
Form subdivision Reading book
856 42 - ELECTRONIC LOCATION AND ACCESS
Materials specified Publisher description
Uniform Resource Identifier <a href="http://www.loc.gov/catdir/description/dover031/85010393.html">http://www.loc.gov/catdir/description/dover031/85010393.html</a>
942 ## - ADDED ENTRY ELEMENTS (KOHA)
Source of classification or shelving scheme Dewey Decimal Classification
Koha item type Book - Borrowing
Holdings
Withdrawn status Lost status Source of classification or shelving scheme Damaged status Not for loan Collection code Home library Current library Shelving location Date acquired Source of acquisition Cost, normal purchase price Total Checkouts Full call number Barcode Date last seen Date checked out Koha item type
    Dewey Decimal Classification     Alef-Baa Central Library Central Library First floor 18/06/2009 Purchase 150.00 2 538.4 CHE 000016887 15/07/2025 11/05/2015 Book - Borrowing